লোডিং...
Asamayam /
| প্রধান লেখক: | |
|---|---|
| অন্যান্য লেখক: | |
| বিন্যাস: | Printed Book |
| ভাষা: | English |
| প্রকাশিত: |
Kottayam:
D.C.Books,
1986.
|
| বিষয়গুলি: |
| LEADER | 00516 a2200157 4500 | ||
|---|---|---|---|
| 008 | 150103s9999 000 0 eng | ||
| 082 | |a 891.443 | ||
| 100 | |a Bimal Kar | ||
| 245 | |a Asamayam / | ||
| 260 | |a Kottayam: |b D.C.Books, |c 1986. | ||
| 300 | |a 224 p. | ||
| 650 | |a Bengali fiction. | ||
| 700 | |a Leela Sarkar | ||
| 942 | |c BK | ||
| 999 | |c 305405 |d 305405 | ||
| 952 | |0 0 |1 0 |2 ddc |4 0 |6 M_891_443000000000000_BIM_AS_2 |7 0 |9 350285 |a DRA |b DRA |c ST1 |d 2011-11-14 |g 18.00 |h vol.2 |i 3762 |l 0 |o M 891.443 BIM/AS.2 |p DRA3762 |r 2011-11-14 |w 2011-11-14 |y BK | ||